000
00322nam a22001217a 4500
008
160510b xxu||||| |||| 00| 0 eng d
020
_a
9780060466947
020
_a
0060466944
041
_a
eng
080
_a
611
245
_a
Principles anatomy and physiology:
_c
Gerad J. Tortora; Nicholas P. Anagnostaks;
942
_2
udc
_c
BK
999
_c
1948
_d
1948